logo

Bir Sreshtho Munshi Abdur Rouf Library
Jhenaidah Cadet College

Galileo / (Record no. 1830)

MARC details
000 -LEADER
fixed length control field 02037cam a2200349 a 4500
001 - CONTROL NUMBER
JCCL Control Number 1830
003 - CONTROL NUMBER IDENTIFIER
JCCL marc code BD-JhCC
005 - DATE AND TIME OF LATEST TRANSACTION
control field 20171024210638.0
008 - FIXED-LENGTH DATA ELEMENTS--GENERAL INFORMATION
fixed length control field 100722s2010 enkaf b 001 0beng c
020 ## - INTERNATIONAL STANDARD BOOK NUMBER
International Standard Book Number 9780199583522 (acidfree paper)
020 ## - INTERNATIONAL STANDARD BOOK NUMBER
International Standard Book Number 0199583528 (acidfree paper)
035 ## - SYSTEM CONTROL NUMBER
system control number (BD-JhCC)1830
040 ## - CATALOGING SOURCE
Original cataloging agency UKM
Transcribing agency UKM
Modifying agency YDXCP
-- BWK
-- CDX
-- OUP
-- IQU
-- ABG
-- UBY
-- BWX
-- ILC
-- COO
-- PUL
-- BTCTA
-- VP@
-- ERASA
-- DLC
-- BD-JhCC
041 ## - LANGUAGE CODE
Language code of Book eng
050 00 - LIBRARY OF CONGRESS CALL NUMBER
Classification number QB36.G2
Item number H445 2010
082 ## - DEWEY DECIMAL CLASSIFICATION NUMBER
Classification number 520.92
Author mark and Year HEI 2010
100 1# - MAIN ENTRY--PERSONAL NAME
Personal name Heilbron, J. L.
245 10 - TITLE STATEMENT
Title Galileo /
Statement of responsibility, etc J. L. Heilbron.
260 ## - PUBLICATION, DISTRIBUTION, ETC. (IMPRINT)
Place of publication, distribution, etc Oxford [England] ;
-- New York :
Name of publisher, distributor, etc Oxford University Press,
Date of publication, distribution, etc 2010.
300 ## - PHYSICAL DESCRIPTION
Pagination xiv, 508 p. [16] p. of plates :
Other physical details ill. (some col.) ;
Dimensions 25 cm.
504 ## - BIBLIOGRAPHY, ETC. NOTE
Bibliography, etc Includes bibliographical references (p. 389-491) and index.
505 0# - FORMATTED CONTENTS NOTE
Formatted contents note A Florentine education. Upbringing ; Gap years ; Character analysis -- A Tuscan Archimedes. Hell and mathematics ; Barycentric exercises ; De motu ; Galileo at 25 -- Life in the Serenissima. Settling in ; Steady state -- Galilean science. Reluctant astronomer ; Mover and shaker -- Calculated risks. Starry message ; Celestial messenger ; More rabbits from the hat ; Family affairs and former friends -- Miscalculated risks. Freelance exegetes ; Poetical interlude ; Ill omens -- Vainglory. The Pope ; The knight ; The windmill ; The tilt -- End games. Dramatis personae ; Winding up ; Last days ; The end of the affair?
520 ## - SUMMARY, ETC.
Summary, etc Heilbron takes in the landscape of culture, learning, religion, science, theology, and politics of late Renaissance Italy to produce a richer and more rounded view of Galileo, his scientific thinking, and the company he kept.
600 10 - SUBJECT ADDED ENTRY--PERSONAL NAME
Personal name Galilei, Galileo,
Dates associated with a name 1564-1642.
600 17 - SUBJECT ADDED ENTRY--PERSONAL NAME
Personal name Galilei, Galileo,
Dates associated with a name 1564-1642.
650 #0 - SUBJECT ADDED ENTRY--TOPICAL TERM
Topical term or geographic name as entry element Astronomers
Geographic subdivision Italy
Form subdivision Biography.
650 #0 - SUBJECT ADDED ENTRY--TOPICAL TERM
Topical term or geographic name as entry element Scientists
Geographic subdivision Italy
Form subdivision Biography.
650 #7 - SUBJECT ADDED ENTRY--TOPICAL TERM
Topical term or geographic name as entry element Astronomers
Geographic subdivision Italy
Form subdivision Biography.
650 #7 - SUBJECT ADDED ENTRY--TOPICAL TERM
Topical term or geographic name as entry element Scientists
Geographic subdivision Italy
Form subdivision Biography.
942 ## - ADDED ENTRY ELEMENTS (KOHA)
Source of classification or shelving scheme Dewey Decimal Classification
Koha item type Books
Holdings
Source of classification or shelving scheme Damaged status Not for loan Home library Current library Shelving location Date of accession Cost, normal purchase price Total Checkouts Full call number Barcode Date last seen Date checked out Copy number Koha item type
Dewey Decimal Classification     JCC Rouf Library JCC Rouf Library General Stacks 10/24/2017 20.00 1 520.92 HEI 2010 2690 05/28/2023 05/09/2023 C-1 Books

JCC Library | Contacts | JCC Home

Last Update on 23 September 2017
Copyright @ 2017-2020 JCC Rouf Library
Rouf Library, Jhenidah Cadet College (JCC), Bangladesh